Cicinatela gruzinskaja narodnaja pesnja : gruzinskij tanec /

Hlavní autor: Narimanidze, N.
Jazyk: Nelze použít, není lingvistický obsah
Vydáno: Moskva : Muzgiz, 1951
Edice: Pedagogičeskij repertuar dlja skripki i fortep'jano. Detskaja muzykal'naja škola 1-2 klassy
Fyzický popis: 7, 3 s.
Hudebniny Hudebniny
Uloženo v:
LEADER 00926ncm a22002412a 4500
001 001187108
003 CZ BrMZK
005 20120727082449.0
007 qu
008 111219s1951 ru |||||||||||||||||zxx d
040 |a BOA001  |b cze 
072 7 |a 787  |x Hudba pro strunné a smyčcové nástroje  |2 Konspekt  |9 9 
100 1 |a Narimanidze, N.  |4 cmp 
245 1 0 |a Cicinatela  |h [hudebnina] :  |b gruzinskaja narodnaja pesnja : gruzinskij tanec /  |c N. Narimanidze 
260 |a Moskva :  |b Muzgiz,  |c 1951 
300 |a 7, 3 s. 
490 1 |a Pedagogičeskij repertuar dlja skripki i fortepiano. Detskaja muzykal'naja škola 1-2 klassy 
500 |a Housle s klavírem 
830 0 |a Pedagogičeskij repertuar dlja skripki i fortep'jano.  |p Detskaja muzykal'naja škola 1-2 klassy 
910 |a BOA001  |b Mus4-0299.005 
990 |a MU 
991 |b 201112 
996 6 |b 2619565125  |c Mus4-0299.005  |l MZK  |r Sklad / do 1 hodiny  |n 0  |w 001220514  |u 000010  |a 1  |e BOA001  |j MZK50  |s P